LEADER 01087nas a2200277 i 4500 001 991002105039707536 006 m 007 cr 008 130702d19961999 br p 0 0eng d 022 $a1520-6408$l0192-253X 035 $ab1412189x-39ule_inst 040 $aDi.S.Te.B.A.$beng 229 0$aDevelopmental genetics 245 00$aDevelopmental genetics [online] 260 $aNew York :$bWiley,$c1996-1999 650 0$aCell differentiation$vPeriodicals 650 0$aMolecular biology$vPeriodicals 776 1 $aAlso issued in print:$tDevelopmental genetics 785 00$aGenesis [online] 856 41$uhttp://onlinelibrary.wiley.com/journal/10.1002/(ISSN)1526-968X/issues$zAvailable from 1996 to 1999 on Publisher Site 856 41$uhttp://onlinelibrary.wiley.com/journal/10.1002/(ISSN)1526-968X/issues$zAvailable also from 2000- the next title "Genesis" 907 $a.b1412189x$b24-02-22$c02-07-13 912 $a991002105039707536 996 $aDevelopmental genetics$9263417 997 $aUNISALENTO 998 $ale003$b02-07-13$cs$dm $e-$feng$gnyu$h0$i0 LEADER 01799nas 2200601- 450 001 9910891440303321 005 20260218112451.0 035 $a(CKB)2560000000093814 035 $a(CONSER)--2012223250 035 $a(DE-599)ZDB2504429-1 035 $a(DE-599)2504429-1 035 $a(EXLCZ)992560000000093814 100 $a20090621a20099999 --- - 101 0 $ager 181 $ctxt$2rdacontent 182 $cc$2rdamedia 183 $acr$2rdacarrier 200 10$aEinsicht $eBulletin des Fritz Bauer Instituts 210 1$a[Frankfurt] :$cFritz Bauer Institut,$d[2009]- 215 $a1 online resource 311 08$aPrint version: Einsicht (Fritz Bauer Institut) 1868-4211 (DLC) 2012223250 (OCoLC)457114463 517 3 $aBulletin des Fritz Bauer Instituts 531 0 $aEinsicht 606 $aHolocaust, Jewish (1939-1945)$vPeriodicals 606 $aJudenvernichtung$2gnd 606 $aHolocaust, Jewish (1939-1945)$xHistory$2nli 608 $aOnline-Publikation. 608 $aZeitschrift. 608 $aPeriodicals.$2fast 608 $aZeitschrift.$2gnd 608 $aZeitschrift$2gnd-content 608 $aZeitschrift.$2swd 608 $aOnline-Publikation.$2swd 615 0$aHolocaust, Jewish (1939-1945) 615 7$aJudenvernichtung. 615 7$aHolocaust, Jewish (1939-1945)$xHistory. 676 $a940.5318005 686 $an 2$2ifzs 686 $an 90$2ifzs 686 $a290$2sdnb 686 $a900$2sdnb 686 $a940$2sdnb 686 $a943$2sdnb 686 $a8,1$2ssgn 686 $a180$2zdbs 686 $a290$a940$2zdbs 686 $a335$2zdbs 712 02$aFritz Bauer Institut. 906 $aJOURNAL 912 $a9910891440303321 920 $aexl_impl conversion 996 $aEinsicht$94253479 997 $aUNINA